An account of the operations carried on for accomplishing a trigonometrical survey of England and Wales (Record no. 113743)

MARC details
000 -LEADER
fixed length control field 01147cam a22001935a 4500
001 - CONTROL NUMBER
control field L155673
008 - FIXED-LENGTH DATA ELEMENTS--GENERAL INFORMATION
fixed length control field 120402s1799 xxk f 000 0 eng d
035 ## - SYSTEM CONTROL NUMBER
System control number (Sirsi) u155673
041 0# - LANGUAGE CODE
Language code of text/sound track or separate title eng
100 1# - MAIN ENTRY--PERSONAL NAME
Personal name Mudge, William
Dates associated with a name 1762-1820
245 03 - TITLE STATEMENT
Title An account of the operations carried on for accomplishing a trigonometrical survey of England and Wales
Remainder of title from the commencement, in the year 1784, to the end of the year 1796. Begun under the direction of the Royal Society, and continued by order of the honourable Board of Ordnance. First published in, and now revised from, the Philosophical Transactions, by Captain William Mudge, F.R.S. and Mr. Isaac Dalby. ...
260 ## - PUBLICATION, DISTRIBUTION, ETC.
Place of publication, distribution, etc. London
Name of publisher, distributor, etc. printed by W. Bulmer and Co. for W. Faden
Date of publication, distribution, etc. 1799-1811
300 ## - PHYSICAL DESCRIPTION
Extent 4v., plates
Other physical details maps
Dimensions 4o
520 ## - SUMMARY, ETC.
Summary, etc. Vol.2 was published in two parts in 1801 and 1804 and is entirely the work of William Mudge, taking the account to 1799. Vol.3 is dated 1811 and is by Mudge and Thomas Colby, taking the account to 1809.
583 ## - ACTION NOTE
Action Condition reviewed
Time/date of action 20120620
Status condition level 1 (x4)
651 #4 - SUBJECT ADDED ENTRY--GEOGRAPHIC NAME
Geographic name Great Britain
Chronological subdivision 1707-
690 ## - LOCAL SUBJECT ADDED ENTRY--TOPICAL TERM (OCLC, RLIN)
Topical term or geographic name as entry element Measurement
9 (RLIN) 6256
942 ## - ADDED ENTRY ELEMENTS (KOHA)
Suppress in OPAC 0
Holdings
Withdrawn status Lost status Source of classification or shelving scheme Damaged status Not for loan Home library Current library Shelving location Date acquired Total Checkouts Full call number Barcode Date last seen Copy number Price effective from Koha item type
    Dewey Decimal Classification     Historic collection Historic collection Historic collection 02/04/2012   QUARTO 1799 MUDGE VOL 1 30077937 06/08/2019 1 06/08/2019 Book
    Dewey Decimal Classification     Historic collection Historic collection Historic collection 19/07/2012   QUARTO 1799 MUDGE VOL 2 30077941 06/08/2019 1 06/08/2019 Book
    Dewey Decimal Classification     Historic collection Historic collection Historic collection 19/07/2012   QUARTO 1799 MUDGE VOL 3 30077914 06/08/2019 1 06/08/2019 Book
    Dewey Decimal Classification     Historic collection Historic collection Historic collection 19/07/2012   QUARTO 1799 MUDGE VOL 4 30077918 06/08/2019 1 06/08/2019 Book